Регионална библиотека "Любен Каравелов" - Русе

Момчето, къртицата, лисицата и конят (Запис номер 516332)

MARC детайли
000 -Лидер
Лидер 01288nam a2200313 a 4500
003 - Код на организацията, давaща контролен номер
Код на организацията, даваща контролен номер BLK
005 - Дата и час на последна редакция
Дата и час на последна редакция 20250304125018.0
007 - Фиксирано поле за физическо описани
Физическо описание ta
008 - Елементи от данни с фиксирана дължина
Елементи с фиксирана дължина 240902b bu ||||| |||| 00| | bu d
020 ## - Международен стандартен номер на книга ISBN
ISBN 9789542834731
020 ## - Международен стандартен номер на книга ISBN
ISBN 9789542835103
Коментар към ISBN (подв.)
040 ## - Източник на каталожния запис
Код на библиотеката BLK
041 ## - Код за език
Език Български
Език за КДБФ Български
080 ## - УДК
УДК текст Американска литература (на САЩ)
УДК код 821.111(73)
УДК – определител -93-32
УДК – код + определител 821.111(73)-93-32
080 ## - УДК
УДК текст Албуми с рисунки
УДК код 741.9
УДК – определител (410.1)
УДК – код + определител 741.9(410.1)
9 (RLIN) 226645
084 ## - Класификационен индекс по друга класификация
Авторски знак Мак - М 19
100 1# - Редна дума - Автор
Автор Макеси, Чарли
R(LIN) 91203
245 ## - Сведения за заглавието
Заглавие Момчето, къртицата, лисицата и конят
Авторска отговорност Charlie Mackesy ; прев. от англ. Богдан Русев
260 ## - Област на издателските данни
9 (RLIN) 217021
Място на издаване София
Име на издателя Сиела Норма
Година на издаване 2021
Издателство - префикс ISBN 978-954-28-
Печатница Костинброд : Мултипринт
300 ## - Физическа характеристика
Брой страници 128 с. : с ил.
Размер 22 см
380 ## - Жанр
Жанр Детска худож. лит.
500 ## - Общи забележки
Обща забележка Ориг. загл. The boy, the mole, the fox and the horse / Charlie Mackesy
700 ## - Други автори (авторска отговорност)
9 (RLIN) 365584
Друг автор Русев, Богдан Бориславов
852 ## - Местоположение
Сигнатура (форматна) 821-93/М 19 Ч
Отдел Детски отдел
856 ## - Електронен адрес и достъп
Инструкция (цена за достъп) 0.00
Права за достъп disable
942 ## - АРТИКУЛИ
Вид на библиотечния документ Книги
Скрит в OPAC Не
Периодичен библиозапис Да
Koha issues (borrowed), all copies 9
944 ## - СЪЗДАВАНЕ И РЕДАКЦИЯ на ЗАПИСА
Дата на регистрацията/редакция Геновева Генчева
Служител, извършил регистрацията/редакцията 30551
Номер на служител Бояна Костадинова
Създаване/Редакция
999 ## - СИСТЕМНИ КОНТРОЛНИ НОМЕРА
Koha biblionumber 516332
Koha biblioitemnumber 516332
Наличности
Код за отписване Код за изгубен артикул Източник на класификационната схема Код за повреда Код за отдаване Артикулен № Име на библиотеката - собственик Име на библиотеката, в която се намира в момента Статус (Текущо местоположение) Дата на вписване в системата Местоположение - отдел Цена в лева Инвентарен номер Систематично азбучна сигнатура Баркод Цена в евро Служебен тип на артикула
  Не е изгубен Universal Decimal Classification Не е повреден заемане за дома 948087 Регионална библиотека "Любен Каравелов" Русе Регионална библиотека "Любен Каравелов" Русе Детски отдел 2024-09-04 Детски отдел 17.50 120000911389 821-93/М 19 Ч 120000911389 8.95 Книги
  Не е изгубен Universal Decimal Classification Не е повреден заемане за дома 948088 Регионална библиотека "Любен Каравелов" Русе Регионална библиотека "Любен Каравелов" Русе Детски отдел 2024-09-04 Детски отдел 17.50 120000911388 821-93/М 19 Ч 120000911388 8.95 Книги
Vip Innovations Ltd, Rousse, Bulgaria 2025